| 000 | 01307nam a2200313 a 4500 | ||
|---|---|---|---|
| 001 | ebr10670996 | ||
| 003 | CaPaEBR | ||
| 006 | m u | ||
| 007 | cr cn||||||||| | ||
| 008 | 130318s2010 nyu sb 001 0 eng d | ||
| 020 | _z9781608761456 | ||
| 020 | _z9781613244319 (e-book) | ||
| 040 |
_aCaPaEBR _cCaPaEBR |
||
| 035 | _a(OCoLC)722009130 | ||
| 050 | 1 | 4 |
_aRC514 _b.C45 2010eb |
| 100 | 1 | _aChien, Wai-Tong. | |
| 245 | 1 | 0 |
_aStress of family members in caring for a relative with schizophrenia _h[electronic resource] / _cWai-Tong Chien. |
| 260 |
_aNew York : _bNova Science Publishers, Inc., _c2010. |
||
| 300 | _axii, 65 p. | ||
| 490 | 1 | _aPsychiatry- theory, applications, and treatments series | |
| 504 | _aIncludes bibliographical references and index. | ||
| 533 |
_aElectronic reproduction. _bPalo Alto, Calif. : _cebrary, _d2013. _nAvailable via World Wide Web. _nAccess may be limited to ebrary affiliated libraries. |
||
| 650 | 0 |
_aSchizophrenics _xFamily relationships. |
|
| 650 | 0 | _aFamily psychotherapy. | |
| 655 | 7 |
_aElectronic books. _2local |
|
| 710 | 2 | _aebrary, Inc. | |
| 830 | 0 | _aPsychiatry- theory, applications, and treatments series. | |
| 856 | 4 | 0 |
_uhttp://site.ebrary.com/lib/rucke/Doc?id=10670996 _zAn electronic book accessible through the World Wide Web; click to view |
| 999 |
_c161962 _d161962 |
||